000 00879nam a22002297a 4500
003 OSt
005 20250801103931.0
008 210217b ||||gr|||| 00| 0 spa d
040 _aCO-JMCR
_cCO-JMCR
041 0 _aspa
082 0 4 _aA-C
_bHERc
_223
100 1 _aHernández, Felisberto,
_d1902-1965
_eautor
_913581
245 1 3 _aEl cocodrilo /
_cFelisberto, Hernández,
260 _aBogotá :
_bUniversidad Nacional de Colombia,
_c2010
300 _a46 páginas :
_bilustraciones en blanco y negro ;
_c17 cm.
490 _aSeñal que cabalgamos ;
_v99
505 0 _aEl cocodrilo -- Explicación falsa de mis cuentos
520 0 _ay de pronto, cuando ya me estaba tranquilizando, tuve una idea: ¿Qué ocurría si yo me pusiera a llorar aquí, delante de toda la gente?
650 1 4 _aLiteratura uruguaya
_913601
650 1 4 _aCuentos
_zUruguay
_913602
942 _2ddc
_cBK
999 _c7220
_d7220